000 00385pab a2200145 454500
008 180718b1999 xxu||||| |||| 00| 0 eng d
100 _aBrennan, Gerard
245 _aThe mechanics of responsibility in government
260 _c1999
300 _ap.3-11
362 _aSep
650 _aPublic administration
773 _aAustralian Journal of Public Administration
909 _a43800
999 _c43800
_d43800